| 000 | 00694nam a2200205 a 4500 | ||
|---|---|---|---|
| 005 | 20240430063828.0 | ||
| 008 | 010710s1987 mx r 000 0 spa d | ||
| 020 | _a968291678X | ||
| 035 | _aUPN01000109437 | ||
| 049 | _aCG | ||
| 050 | 4 |
_aLB2003 E8 _bJ5.3 |
|
| 100 | 1 |
_aJiménez Alarcón, Concepción _928782 |
|
| 245 | 1 | 0 |
_aEscuela Nacional de Maestros : _bsus orígenes / _cConcepción Jiménez Alarcón ; pról. Carlos Monsiváis. |
| 260 |
_aMéxico : _bSEP, _c1987. |
||
| 300 |
_a302 p. : _bil. |
||
| 440 | 0 | _aForo 2000 | |
| 590 | _aTambien localizas un ejemplar en el "Area de Reserva" | ||
| 610 | 2 | 4 |
_aBenemérita Escuela Nacional de Maestros (México) _xHistoria _921962 |
| 905 | _aLibro | ||
| 999 |
_c83348 _d83348 |
||